| 000 | 00971cam a22002054a 4500 | ||
|---|---|---|---|
| 005 | 20250605163959.0 | ||
| 008 | 250528s ||||||||||||||||||||||||d | ||
| 035 | _a15583 | ||
| 020 | _a201593718 | ||
| 040 |
_aGR-AtMCL _bgre _dGR-AtMCL _eAACR2 |
||
| 245 | 1 | _aObject Oriented Methods / Second Edition | |
| 250 | _a2nd | ||
| 260 |
_bAddison-Wesley Publishing Company, _c1994 |
||
| 300 | _a478 | ||
| 520 | _aOne of the first serious evaluations of object technology and its potential within industry. Foreword, Basic Concepts, The Benefits of Object-Oriented Programming and Method, Object-Oriented and Object-Based Programming Languages, Applications, Database Technology, Object-Oriented Databases, Object-Oriented Design, Object-Oriented Analysis, Managing Object-Oriented Methods, The Future of Object-Oriented Methods, Glossary of Terms, References and Bibliography, Index. | ||
| 700 | 1 |
_aGraham Ian _91541 |
|
| 942 | _cBK | ||
| 999 |
_c1153 _d1153 |
||